|
|
|
|
| LEADER |
00000naa2a2200000 4500 |
| 001 |
221159 |
| 005 |
20231031195611.0 |
| 035 |
|
|
|a (RuTPU)RU\TPU\book\241303
|
| 090 |
|
|
|a 221159
|
| 100 |
|
|
|a 20120907d2007 k y0rusy50 ca
|
| 101 |
0 |
|
|a rus
|
| 102 |
|
|
|a RU
|
| 200 |
1 |
|
|a Механические и функциональные свойства ферромагнитных монокристаллов CoNiGa с эффектом памяти формы
|
| 320 |
|
|
|a Библиогр.: 6 назв.
|
| 461 |
|
0 |
|0 (RuTPU)RU\TPU\book\136926
|t Современные техника и технологии
|o 13-я Международная научно-практическая конференция студентов, аспирантов и молодых ученых, г. Томск, 26-30 марта 2007 г.
|o труды в 3 т.
|f Томский политехнический университет (ТПУ)
|d 2007
|
| 463 |
|
0 |
|0 (RuTPU)RU\TPU\book\168909
|t Т. 2
|v С. 197-200
|d 2007
|p 492 с.
|
| 610 |
1 |
|
|a монокристаллы
|
| 610 |
1 |
|
|a ферромагнитные стали
|
| 610 |
1 |
|
|a ферромагнитные сплавы
|
| 610 |
1 |
|
|a зависимость
|
| 610 |
1 |
|
|a температура
|
| 610 |
1 |
|
|a деформирование
|
| 610 |
1 |
|
|a сжатие
|
| 610 |
1 |
|
|a память формы
|
| 610 |
1 |
|
|a труды учёных ТПУ
|
| 700 |
|
1 |
|a Победенная
|b З. В.
|c специалист в области общей физики
|c инженер, ассистент Томского политехнического университета
|g Зинаида Владимировна
|2 stltpush
|3 (RuTPU)RU\TPU\pers\28691
|
| 701 |
|
1 |
|a Киреева
|b И. В.
|
| 701 |
|
1 |
|a Чумляков
|b Ю. И.
|
| 801 |
|
1 |
|a RU
|b 63413507
|c 20120907
|
| 801 |
|
2 |
|a RU
|b 63413507
|c 20120907
|g RCR
|
| 942 |
|
|
|c BK
|